000 00515nam a2200193 a 4500
001 1768117516305
003 YourLibrary
005 20260112125815.0
008 260111s2002##################000#0#eng##
020 _a9780130293503
082 0 4 _a302.230688
_bLIE
100 1 _aLieberman, Al,
_eauthor.
245 1 0 _aThe Entertainment Marketing Revolution :
260 _bFT Press,
_c2002.
300 _a388 pages
650 0 _aBusiness & Economics.
942 _cENGLISH
040 _aYourLibrary
_beng
_cYourLibrary
999 _c608319
_d608319